| 000 | 00663nam a2200181Ia 4500 | ||
|---|---|---|---|
| 008 | 090630s9999 xx 000 0 und d | ||
| 082 | _b28467 | ||
| 100 | _aओव्हळ प्रभाकर. | ||
| 245 |
_aलावणी सम्राज्ञी. _cओव्हळ प्रभाकर. |
||
| 260 |
_bपारस - कोल्हापूर. _c2007 |
||
| 300 | _a197 | ||
| 600 | _aओव्हळ प्रभाकर. | ||
| 630 | _aलावणी सम्राज्ञी. | ||
| 655 | _aचरित्र. | ||
| 700 | _aओव्हळ प्रभाकर. | ||
| 730 | _aलावणी सम्राज्ञी. | ||
| 942 | _cBOOK | ||
| 999 |
_c280323 _d280323 |
||